00613nam a22001937a 4500003000500000005001700005008004100022010001000063011001000073035001000083040000900093100003400102245008400136260002800220300003000248502007300278650002900351650003900380CHAP20220329135026.0971013s1979 r 00010 d a29752 a30724 a34836 cCHAP00aLey Flores, Jesús Humberto. aEstudio del mosaico de la remolacha (Beta vulgaris L.) en el Estado de México aChapingo, Méx.,c1979 a55 h.b: ilus. ; gráfs. aTesis (M.C. Esp. en Fitopatología) -- CP. Rama de Fitopatología.14aRemolachaxEnfermedades.14aVirus del mosaico de la remolacha.